Introducción al cristianismo. Lecciones sobre el credo apostólico.
Guardat en:
| Autor principal: | |
|---|---|
| Format: | Llibre |
| Idioma: | espanyol |
| Publicat: |
Salamanca, España:
Ediciones Sígueme,
2005.
|
| Edició: | Undécima edición. |
| Col·lecció: | Verdad e Imagen,
|
| Matèries: | |
| Etiquetes: |
Afegir etiqueta
Sense etiquetes, Sigues el primer a etiquetar aquest registre!
|
MARC
| LEADER | 00000nam a2200000 a 4500 | ||
|---|---|---|---|
| 001 | UCL1766 | ||
| 003 | CL-VaPUC | ||
| 005 | 20230804114541.0 | ||
| 008 | 030926t20050000SP |||||||||||||||||spa|d | ||
| 999 | |c 441465 |d 441463 | ||
| 020 | |a 84-301-0671-5 | ||
| 040 | |c Pontificia Universidad Católica de Valparaíso | ||
| 082 | 0 | 4 | |a 230 RAT 2005 |2 21 |
| 100 | |a Ratzinger, Joseph, |c Papa |e autor |9 494399 | ||
| 245 | 1 | 0 | |a Introducción al cristianismo. |b Lecciones sobre el credo apostólico. |
| 250 | |a Undécima edición. | ||
| 260 | |a Salamanca, España: |b Ediciones Sígueme, |c 2005. | ||
| 300 | |a 314 páginas. | ||
| 490 | 0 | |a Verdad e Imagen, |n 16. | |
| 500 | |a c.1 Donación Sr. Jorge Precht Pizarro. 26-05-23. Biblioteca Teología. | ||
| 583 | |a last modification |c 20030926 00:00:00 |k Yessy Sthefany Diaz Vidal | ||
| 650 | 0 | |a Cristianismo |9 257361 |x Aspectos generales | |
| 650 | 0 | |a Credo de los Apóstoles |9 883976 |x Análisis e interpretación | |
| 942 | |c BK |2 ddc | ||
| 945 | |d 20030926 00:00:00 |a vberengu | ||
| 952 | |0 0 |1 0 |2 ddc |4 0 |6 230_000000000000000_RAT_2005 |7 0 |8 A |9 591051 |a BIBTEO |b BIBTEO |c GEN |d 2023-07-31 |e Donación |i 5658171 |o 230 RAT 2005 |p 5658171 |r 2025-01-17 |t 1 |w 2023-07-31 |y BK |k ICR | ||